00367nam a2200145 a 45000010005000000030009000050080041000140400028000550820009000831000024000922450031001162600035001473000016001826500023001986177CO-ViMGA141112s2004 ck r 000 u spa d aCO-ViMGAbspacCO-ViMGA04aGUEp1 aGuettier, Benedicte10aPara quien es este besito? aBarcelona : bJuventud, c1996 a(14 p) : il14aCUENTOS INFANTILES